00447nam a2200145Ia 4500100002100000942000700021654001800028245004200046260003500088082001100123300000800134546001200142999001700154952013000171 aVenkatesh/ V.C.  cBK ametal cutting aExperimental methods in metal cutting bprentice hallaNew Delhic1982 a671.53 a525 aENGLISH c34268d34268 001040708AFTaCRCEbCRCEc1486 | 63d2023-03-17eUBSg52.50iT-188l0o671.53 pAFT3308r2023-03-17v52.50w2023-03-17yBK